<?xml version="1.0" encoding="UTF-8"?><?xml-stylesheet type="text/xsl" href="static/style.xsl"?><OAI-PMH xmlns="http://www.openarchives.org/OAI/2.0/" xmlns:xsi="http://www.w3.org/2001/XMLSchema-instance" xsi:schemaLocation="http://www.openarchives.org/OAI/2.0/ http://www.openarchives.org/OAI/2.0/OAI-PMH.xsd"><responseDate>2026-04-13T11:39:51Z</responseDate><request verb="GetRecord" identifier="oai:www.recercat.cat:10459.1/83625" metadataPrefix="marc">https://recercat.cat/oai/request</request><GetRecord><record><header><identifier>oai:recercat.cat:10459.1/83625</identifier><datestamp>2024-12-05T22:24:56Z</datestamp><setSpec>com_2072_3622</setSpec><setSpec>col_2072_479130</setSpec></header><metadata><record xmlns="http://www.loc.gov/MARC21/slim" xmlns:dcterms="http://purl.org/dc/terms/" xmlns:xsi="http://www.w3.org/2001/XMLSchema-instance" xmlns:doc="http://www.lyncode.com/xoai" xsi:schemaLocation="http://www.loc.gov/MARC21/slim http://www.loc.gov/standards/marcxml/schema/MARC21slim.xsd">
   <leader>00925njm 22002777a 4500</leader>
   <datafield ind2=" " ind1=" " tag="042">
      <subfield code="a">dc</subfield>
   </datafield>
   <datafield ind2=" " ind1=" " tag="720">
      <subfield code="a">Soldevila Benet, Anna</subfield>
      <subfield code="e">author</subfield>
   </datafield>
   <datafield ind2=" " ind1=" " tag="260">
      <subfield code="c">2022-07-14T07:23:39Z</subfield>
   </datafield>
   <datafield ind2=" " ind1=" " tag="260">
      <subfield code="c">2022-07-14T07:23:39Z</subfield>
   </datafield>
   <datafield ind2=" " ind1=" " tag="260">
      <subfield code="c">2020</subfield>
   </datafield>
   <datafield ind2=" " ind1=" " tag="520">
      <subfield code="a">Segona edició: juliol de 2020</subfield>
   </datafield>
   <datafield ind2=" " ind1=" " tag="520">
      <subfield code="a">A Casa ye-yé, la Lily, la Margot i la Mary són tres amigues que tenen més de&#xd;
setanta anys i decideixen com volen viure la seva darrera etapa vital, i aposten&#xd;
per compartir habitatge. Són dones a qui acabaràs estimant perquè t’hi&#xd;
podràs sentir identificada, amb les seves pors, amb els seus neguits, anhels,&#xd;
ganes de tenir companyia, d’enamorar-se i de gaudir de la vida. En aquest&#xd;
sentit, la novel·la descriu un model d‘espai de convivència compartida per&#xd;
a sèniors, vist amb tocs humor, humanitat i, també, algun punt dramàtic, ja&#xd;
que no s’esquiven certes veritats incòmodes del fet d’envellir. La temàtica&#xd;
és contemporània i l’enfocament innovador perquè ens apropa a la vellesa&#xd;
de manera positiva, constructiva i satisfactòria.&#xd;
La novel·la també pot emprar-se com a recurs educatiu, car permet obrir&#xd;
debat i diàleg al voltant dels diversos assumptes que amoïnen a mesura que&#xd;
anem complint anys. Recomanable en espais formatius per a professionals&#xd;
en geriatria i gerontologia, del camp social o de l’ajuda, per treballar amb&#xd;
àvies i avis en residències, casals o centres cívics, col·loquis en aules de la&#xd;
gent gran, instituts de secundària, clubs de lectura, etcètera.</subfield>
   </datafield>
   <datafield ind1="8" ind2=" " tag="024">
      <subfield code="a">http://hdl.handle.net/10459.1/83625</subfield>
   </datafield>
   <datafield tag="653" ind2=" " ind1=" ">
      <subfield code="a">Novel·la</subfield>
   </datafield>
   <datafield tag="653" ind2=" " ind1=" ">
      <subfield code="a">Persones grans -- Educació</subfield>
   </datafield>
   <datafield ind2="0" ind1="0" tag="245">
      <subfield code="a">Casa ye-yé</subfield>
   </datafield>
</record></metadata></record></GetRecord></OAI-PMH>